| 000 | 00659nam a22001577a 4500 | ||
|---|---|---|---|
| 003 | macl | ||
| 005 | 20211205171849.0 | ||
| 008 | 211205b |||||||| |||| 00| 0 eng d | ||
| 040 | _cmacl | ||
| 082 | _a910 | ||
| 100 |
_a डी; आर; खुल्लर _981253 |
||
| 245 | _aविश्व का भूगोल सिविल सेवा/राज्य सेवा की प्रारंभिक / मुख्य परीक्षा हेतु सामान्य अध्ययन प्रश्न पत्र (1 ) | ||
| 260 |
_aNADU _bMcGraw Hill _c2017 |
||
| 650 |
_aभूगोल _936415 |
||
| 942 |
_2ddc _cHIN |
||
| 999 |
_c64526 _d64526 |
||